000
00295nam a22001337a 4500
008
170328b xxu||||| |||| 00| 0 eng d
020
_a
0721656536
041
_a
eng
080
_a
615.83
100
_a
8
101
_a
SHM
245
_a
CONTOVERSIES IN THERAPEUTICS
_c
LASAGNA.L
942
_2
udc
_c
BK
999
_c
8825
_d
8825